| 000 | 00483nam a2200157 i 4500 | ||
|---|---|---|---|
| 001 | 58519 | ||
| 003 | ES-MaACL | ||
| 005 | 20230906163827.0 | ||
| 007 | t| | ||
| 008 | 031022s1908 fr ||||1| fre d | ||
| 100 | 1 |
_aDuguit, Léon. _945936 |
|
| 245 | 1 | 3 |
_aLe droit social, le droit individual et la transformation de l'etat _b: conferences / _cpar Léon Duguit. |
| 260 |
_aParis : _b[s.n., _c1908] ( _eChartres : _fDurand) |
||
| 300 |
_a154 p. ; _c18 cm. |
||
| 852 |
_aES-MaACL _jF-11857 |
||
| 999 |
_c58519 _d58519 |
||